|
|
|
|
| LEADER |
01186nam a22003257a 4500 |
| 001 |
43541 |
| 003 |
BD-DhAAL |
| 005 |
20250815002920.0 |
| 008 |
241103t20002005enka|||| |||| 00| 0 eng d |
| 020 |
|
|
|a 9780340781753
|
| 020 |
|
|
|a 0340781750
|
| 040 |
|
|
|a BD-DhAAL
|c BD-DhAAL
|
| 082 |
|
|
|a 658.8/12
|2 21
|
| 100 |
|
|
|a Smith, Jane.
|9 16941
|
| 245 |
|
|
|a Successful customer retention in a week /
|c Jane Smith.
|
| 260 |
|
|
|a London :
|b Hodder & Stoughton,
|c 2000 [Tenth impression 2005].
|
| 300 |
|
|
|a 93 pages :
|b illustrations ;
|c 20 cm.
|
| 490 |
|
|
|a In a week
|
| 490 |
|
|
|a Successful business in a week
|
| 541 |
|
|
|a Savar campus library
|e 43541
|
| 650 |
|
|
|a Customer relations.
|
| 650 |
|
|
|a Customer loyalty.
|9 57121
|
| 650 |
|
|
|a Consumer education.
|9 11789
|
| 650 |
|
|
|a Customer services.
|
| 710 |
|
|
|a Institute Of Management
|
| 830 |
|
|
|a In a week
|9 56963
|
| 830 |
|
|
|a Successful business in a week
|9 57122
|
| 942 |
|
|
|2 ddc
|c BK
|
| 999 |
|
|
|c 47090
|d 47090
|
| 952 |
|
|
|0 0
|1 0
|2 ddc
|4 0
|6 658_812000000000000_SMI
|7 0
|9 76868
|a SCL
|b SCL
|c GEN
|d 2024-11-03
|e Savar Campus Library
|g 185.00
|l 0
|o 658.812 SMI
|p 3020043541
|r 2024-11-03
|t 1
|w 2024-11-03
|y BK
|x Price available in register. Savar Campus Library.
|